OPAC Home

මෙනේරි බත් ඉදෙනතුරු හීන දැකීම හා තවත් කථා (Record no. 119083)

MARC details
000 -LEADER
fixed length control field 00589nam a2200193Ia 4500
003 - CONTROL NUMBER IDENTIFIER
control field LK-CoDNM
008 - FIXED-LENGTH DATA ELEMENTS--GENERAL INFORMATION
fixed length control field 010623t1998 xxu||||| |||| 00| 1 sin d
040 ## - CATALOGING SOURCE
Original cataloging agency LK-CoDNM
Modifying agency LK-CoDNM
Description conventions LK-CoDNM
041 ## - LANGUAGE CODE
Language code of text/sound track or separate title Sinhala; Sinhalese
080 ## - UNIVERSAL DECIMAL CLASSIFICATION NUMBER
Universal Decimal Classification number 398
Item number GUN
942 ## - ADDED ENTRY ELEMENTS (KOHA)
Koha item type Books
100 ## - MAIN ENTRY--PERSONAL NAME
Personal name Gunatilake, Bhadra
245 ## - TITLE STATEMENT
Title මෙනේරි බත් ඉදෙනතුරු හීන දැකීම හා තවත් කථා
246 ## - VARYING FORM OF TITLE
Title proper/short title Meneri bath idenathuru heena dekeema haa thawath katha
260 ## - PUBLICATION, DISTRIBUTION, ETC. (IMPRINT)
Name of publisher, distributor, etc. S.Godage
Place of publication, distribution, etc. Colombo
Date of publication, distribution, etc. 1998
300 ## - PHYSICAL DESCRIPTION
Other physical details 125, 21 cm
650 ## - SUBJECT ADDED ENTRY--TOPICAL TERM
Topical term or geographic name as entry element Culture
650 ## - SUBJECT ADDED ENTRY--TOPICAL TERM
Topical term or geographic name as entry element Folktales
Holdings
Withdrawn status Lost status Damaged status Not for loan Collection code Permanent Location Current Location Date acquired Full call number Barcode Koha item type
        Monographs Library National Museum Colombo - Sri Lanka Library National Museum Colombo - Sri Lanka 2023-08-02 398 GUN 99-136754-195 Books
Copyright © 2023 Department of National Museum, Colombo 07, Sri Lanka Funded by UNESCO IFAP UNESCO